02183nam a2200565 i 450000100060000000300090000600500170001500800390003201500170007102000150008803500210010304000410012404100130016504600090017808000080018708000100019508000130020508000100021808000100022808000120023824501650025024600750041526000310049030001000052133600270062133700540064833800280070238000170073038000230074738800140077049000450078450001450082950400500097452100800102465000150110465000190111965000170113865000290115565000290118465000150121365500130122865800310124165800280127270000430130070000430134370000440138670000440143083000450147485600980151933980KOSZ 00520210303085231.0200226s1994 pl a f f 001 0 pol aPB 1994/9101 a8371220006 a(OCoLC)834020830 aWA NcWA NdKOSZ 005/HRdKOSZ 005/RW1 apolhger k1994 a697 a628.8 a621.1.01 a621.5 a536.7 a(083.1)00aOgrzewanie i klimatyzacja :bporadnik : z uwzględnieniem chłodnictwa i zaopatrzenia w ciepłą wodę /c[Hermann] Recknagel, Sprenger, Hönmann, Schramek.1 iTytuł oryginału:aTaschenbuch für Heizung und Klimatechnik,f1992. aGdańsk :b"EWFE",c1994. aXXVII, 1966, [3], 102 strony, [5] kart tablic :bfotografie, rysunki, wykresy, errata ;c22 cm. aTekstbtxt2rdacontent aBez urządzenia pośredniczącegobn2rdamedia aWoluminbnc2rdacarrier aKsiążki. aPublikacje fachowe1 a1901-20001 aBiblioteka Fundacji Poszanowania Energii aNa stronie tytułowej: "... tłumaczenie polskie oparte na 66 wydaniu niemieckim poszerzone o nowe techniki i technologie (część 8)".  aBibliografia na stronach 1905-1923. Indeksy. 8 aPoradnik przeznaczony dla inżynierów, projektantów i eksploratorów. 7aOgrzewanie 7aWoda ogrzewana 7aKlimatyzacja 7aUrządzenia chłodnicze 7aTermodynamika techniczna 7aInstalacje 7aPoradnik aArchitektura i budownictwo aInżynieria i technika1 aRecknagel, Hermannd(1868-1919)eAutor1 aSprenger, Eberhardd(1904-1989)eAutor1 aSchramek, Ernst-Rudolfd(1937- )eAutor1 aHönmann, Winfriedd(1931-1990)eAutor 0aBiblioteka Fundacji Poszanowania Energii uhttp://koha.tu.koszalin.pl/cgi-bin/koha/opac-detail.pl?biblionumber=33980yKatalog online BPK